| 000 | 00605nam a22001817a 4500 | ||
|---|---|---|---|
| 999 |
_c190900 _d190900 |
||
| 005 | 20220810153616.0 | ||
| 010 | _aENG-134370 | ||
| 020 |
_a978-93-90631-62-9 _c575.00 |
||
| 035 | _aEN-117902 | ||
| 037 | _bDBAD/PUB | ||
| 082 | _a320.55 | ||
| 245 |
_aImpact of Covid-19 on Indian Economy/ _cedited by Vandana Samba at all |
||
| 260 |
_aHyderabad _bParamount Publishing House _c2021 |
||
| 270 |
_aA-531,H.No.4-32-521, Phase-1, Allwyn Colony, Kukatpally _bHyderakbad _e500072 _k7799000082 |
||
| 300 |
_axvi,168p. _c24cm(pb) |
||
| 700 | _aVandana Samba | ||
| 942 |
_2ddc _cEN _h330.9052 _mIMP |
||